[Event "Ivrea op 14th"]
[Site "Ivrea"]
[Date "2010.03.20"]
[Round "5"]
[White "Giunto, Andrea"]
[Black "Castaldo, Antonio"]
[Result "1-0"]
[WhiteElo "1938"]
[BlackElo "1698"]
[PlyCount "49"]
[EventDate "2010.03.19"]
[EventType "swiss"]
[EventRounds "5"]
[EventCountry "ITA"]
[SourceTitle "EXT 2024"]
[Source "ChessBase"]
[SourceDate "2023.10.10"]
[SourceVersion "1"]
[SourceVersionDate "2023.10.10"]
[SourceQuality "1"]

1. e4 d6 2. d4 Nf6 3. Nc3 g6 4. Nf3 Bg7 5. h3 0-0 6. Be2 Nbd7 7. e5 dxe5 8. dxe5 Ne8 9. Bf4 e6 10. Bc4 c6 11. 0-0 b6 12. Bg5 Qc7 13. Be7 Nxe5 14. Bxf8 Nxc4 15. Bxg7 Nxg7 16. b3 Nd6 17. Qe2 a5 18. Rfd1 Ba6 19. Qe5 Nge8 20. Rd2 Rd8 21. Rad1 Bc8 22. Ne4 Qe7 23. Nxd6 Nxd6 24. Rxd6 Rxd6 25. Qxd6 1-0

[Event "Ivrea op 14th"]
[Site "Ivrea"]
[Date "2010.03.19"]
[Round "1"]
[White "Giunto, Andrea"]
[Black "Drago, Paolo"]
[Result "1-0"]
[WhiteElo "1938"]
[BlackElo "1585"]
[PlyCount "59"]
[EventDate "2010.03.19"]
[EventType "swiss"]
[EventRounds "5"]
[EventCountry "ITA"]
[SourceTitle "EXT 2024"]
[Source "ChessBase"]
[SourceDate "2023.10.10"]
[SourceVersion "1"]
[SourceVersionDate "2023.10.10"]
[SourceQuality "1"]

1. e4 e5 2. Nf3 Nc6 3. d4 exd4 4. Nxd4 Ne5 5. f4 Ng6 6. Be3 d6 7. g3 Nf6 8. Nc3 Bg4 9. Be2 Qd7 10. f5 Ne5 11. h3 Bxe2 12. Qxe2 0-0-0 13. 0-0-0 h5 14. Nf3 Nc6 15. Bf4 Qe7 16. Qc4 g6 17. Rhe1 Bh6 18. Nd5 Nxd5 19. exd5 Ne5 20. Bxh6 Rxh6 21. Qf4 g5 22. Nxg5 Qf6 23. Ne4 Qg7 24. Nf2 Rg8 25. Re3 f6 26. Nd3 Qh7 27. Nxe5 dxe5 28. Qf2 Qd7 29. Red3 Rg5 30. Qxa7 1-0

[Event "Ivrea Eporediese op 27th"]
[Site "Ivrea"]
[Date "2010.02.25"]
[Round "6"]
[White "Bogatto, Mario"]
[Black "Giunto, Andrea"]
[Result "0-1"]
[WhiteElo "1451"]
[BlackElo "1934"]
[PlyCount "67"]
[EventDate "2010.01.21"]
[EventType "swiss"]
[EventRounds "6"]
[EventCountry "ITA"]
[SourceTitle "EXT 2024"]
[Source "ChessBase"]
[SourceDate "2023.10.10"]
[SourceVersion "1"]
[SourceVersionDate "2023.10.10"]
[SourceQuality "1"]

1. d4 Nf6 2. Nf3 g6 3. c4 Bg7 4. Nc3 d6 5. e3 0-0 6. Be2 Nc6 7. 0-0 e5 8. d5 Ne7 9. e4 Nd7 10. Be3 f5 11. exf5 gxf5 12. Ng5 Nf6 13. f4 e4 14. Bd4 c5 15. dxc6 bxc6 16. Qe1 h6 17. Nh3 Be6 18. b3 Kh7 19. Qh4 Ng6 20. Qf2 c5 21. Be3 Ng4 22. Bxg4 Bxc3 23. Rac1 fxg4 24. Rxc3 gxh3 25. g3 Bg4 26. Qd2 Qf6 27. Rf2 Rad8 28. Rc1 Bf3 29. f5 Ne5 30. Rcf1 Ng4 31. Rxf3 exf3 32. Rxf3 Nxe3 33. Qxe3 Rfe8 34. Qd2 0-1

[Event "Ivrea Eporediese op 26th"]
[Site "Ivrea"]
[Date "2009.02.05"]
[Round "4"]
[White "Bosticardo, Tommaso"]
[Black "Giunto, Andrea"]
[Result "0-1"]
[WhiteElo "1464"]
[BlackElo "1731"]
[PlyCount "60"]
[EventDate "2009.01.15"]
[EventType "swiss"]
[EventRounds "9"]
[EventCountry "ITA"]
[SourceTitle "EXT 2011"]
[Source "ChessBase"]
[SourceDate "2010.11.26"]
[SourceVersion "1"]
[SourceVersionDate "2010.11.26"]
[SourceQuality "1"]

1. e4 c5 2. Nc3 d6 3. g3 Nf6 4. Bg2 Nc6 5. Nge2 g6 6. d3 Bg7 7. 0-0 0-0 8. Bd2 Rb8 9. a4 a6 10. Qc1 Bd7 11. Bh6 b5 12. Bxg7 Kxg7 13. axb5 axb5 14. Nf4 b4 15. Ncd5 Nxd5 16. Nxd5 Be6 17. Nf4 Nd4 18. Re1 b3 19. Nxe6+ fxe6 20. Rb1 bxc2 21. Ra1 Nb3 22. Qxc2 Nxa1 23. Qc3+ e5 24. Rxa1 Qb6 25. Rb1 Qb4 26. Qc1 Qd4 27. Qd2 Rb3 28. Bf1 Rfb8 29. h4 Rxb2 30. Rxb2 Rxb2 0-1

[Event "Ivrea op 14th"]
[Site "Ivrea"]
[Date "2008.03.15"]
[Round "3"]
[White "Liviabella, Lucio"]
[Black "Giunto, Andrea"]
[Result "0-1"]
[WhiteElo "1475"]
[BlackElo "1554"]
[PlyCount "150"]
[EventDate "2008.03.14"]
[EventType "swiss"]
[EventRounds "5"]
[EventCountry "ITA"]
[SourceTitle "EXT 2011"]
[Source "ChessBase"]
[SourceDate "2010.11.26"]
[SourceVersion "1"]
[SourceVersionDate "2010.11.26"]
[SourceQuality "1"]

1. e4 c5 2. Nf3 d6 3. d4 cxd4 4. Nxd4 Nf6 5. Nc3 g6 6. Be2 Bg7 7. Be3 0-0 8. Qd2 Nc6 9. Nxc6 bxc6 10. Bh6 Be6 11. Bxg7 Kxg7 12. h4 h5 13. f3 Rb8 14. b3 Qa5 15. f4 Kh7 16. 0-0 Bg4 17. Bxg4 Nxg4 18. Rf3 Qc5+ 19. Kh1 Rb4 20. Rd1 Nf6 21. Qd3 Ng4 22. Rd2 f5 23. a3 Rb7 24. b4 fxe4 25. Nxe4 Qb5 26. Ng5+ Kh6 27. Qc3 Rf6 28. Ne4 Rf8 29. Qb3 Qa6 30. Ng5 c5 31. Ne6 Rh8 32. Ng5 Rf8 33. c3 c4 34. Qb2 Qc6 35. Qc2 Rb5 36. Ne6 Re5 37. Re2 Rxe2 38. Qxe2 Rf7 39. Nd8 Qd5 40. Nxf7+ Qxf7 41. g3 Qd5 42. Kg2 e5 43. Kh3 e4 44. Rf1 Qd3 45. Re1 Qxc3 46. Kg2 d5 47. Kh3 d4 48. Qf1 Qc2 49. Re2 Qd3 50. Qe1 c3 51. f5 gxf5 52. Qc1+ e3 53. Qc2 Qxc2 54. Rxc2 Nf6 55. Kg2 Nd5 56. Kf3 d3 57. Rxc3 e2 58. Rc6+ Kg7 59. Kf2 Ne3 60. Re6 Nc2 61. b5 d2 62. Kxe2 Nd4+ 63. Kxd2 Nxe6 64. a4 Kf6 65. Ke3 Ke5 66. a5 Nd8 67. a6 Ne6 68. Kd3 Nd4 69. Kc4 Ne6 70. b6 axb6 71. Kb5 Nc7+ 72. Kxb6 Nxa6 73. Kxa6 Ke4 74. Kb5 Kf3 75. Kc4 Kxg3 0-1